KRAJI_10 - Dolenjska - JZ del - Statistics

General Stats
  • This quiz has been taken 127 times
  • The average score is 9 of 11
Answers on the Map
Answers color-coded by a green-red scale on the quiz's map according to % correct below.
 
Answer Stats
Answer % Correct
Kočevska Reka
87%
Draga
85%
Morava
82%
Kočevske Poljane
80%
Livold
80%
Podpreska
80%
Osilnica
78%
Trava
78%
Uršna Sela
76%
Dolenjske Toplice
75%
Straža
69%
No matching quizzes found
Score Distribution
Percent of People with Each Score
Percentile by Number Answered
Your Score History
You have not taken this quiz